000 00862nam a2200253 i 4500
003 DO-SdBNP
005 20230731112506.0
006 a||||fr|||| 00| 0
007 ta
008 230731e2019 dr ||||| |||| 00| 0 spa d
040 _aDO-SdBNP
_bspa
_cBNPHU
_erda
082 4 _222
_bU588q
110 2 _aUniversidad Abierta para Adultos (Republica Dominicana)
_981656
245 1 0 _a56° quincuagésima sexta graduación ordinaria :
_bprograma. /
_cpresentación Ángel Hernández.
246 1 1 _aQuincuagésima sexta graduación ordinaria:
_bprograma
264 1 _aSanto Domingo :
_bUAPA,
_c2019
300 _a59 páginas ;
_c22 cm.
336 _2rdacontent
_atexto
_btxt
337 _2rdamedia
_asin medición
_bn
338 _2rdacarrier
_avolumen
_bnc
590 _aInventariado 2023 / MF
700 1 _aHernández, Ángel,
_eprsentación
_911092
942 _2ddc
_cLBS1
999 _c54266
_d54266